[Event "Omladinci CS 2017"]
[Site "Kraljevo"]
[Date "2017.02.12"]
[Round "7.1"]
[White "Stanojevic, Ilija"]
[Black "Ivic, Matija"]
[Result "1/2-1/2"]
[BlackElo "2271"]
[WhiteElo "2143"]
[LiveChessVersion "1.4.7"]

1. c4 {[%clk 1:13:01]} e5 {[%clk 1:14:50]} 2. Nc3 {[%clk 1:10:23]} Nf6
{[%clk 1:12:12]} 3. Nf3 {[%clk 1:05:52]} Nc6 {[%clk 1:10:13]} 4. g3
{[%clk 1:01:46]} d5 {[%clk 1:05:16]} 5. cxd5 {[%clk 0:57:21]} Nxd5
{[%clk 1:05:35]} 6. Bg2 {[%clk 0:56:56]} Nb6 {[%clk 1:00:03]} 7. O-O
{[%clk 0:53:34]} Be6 {[%clk 0:54:33]} 8. Rb1 {[%clk 0:45:03]} Be7
{[%clk 0:51:59]} 9. b4 {[%clk 0:39:50]} e4 {[%clk 0:47:37]} 10. Nxe4
{[%clk 0:32:29]} Bxa2 {[%clk 0:44:53]} 11. Rb2 {[%clk 0:30:36]} Nxb4
{[%clk 0:29:51]} 12. Rxa2 {[%clk 0:26:04]} Nxa2 {[%clk 0:28:12]} 13. Bb2
{[%clk 0:16:39]} f5 {[%clk 0:16:27]} 14. Nd4 {[%clk 0:04:06]} fxe4
{[%clk 0:13:47]} 15. Ne6 {[%clk 0:03:15]} Qd7 {[%clk 0:12:35]} 16. Bh3
{[%clk 0:02:28]} Qa4 {[%clk 0:11:36]} 17. Nxg7+ {[%clk 0:02:18]} Kf8
{[%clk 0:11:55]} 18. Qb1 {[%clk 0:00:56]} Rg8 {[%clk 0:11:35]} 19. Ne6+
{[%clk 0:00:52]} Kf7 {[%clk 0:11:25]} 20. Nxc7 {[%clk 0:00:59]} Rg6 1/2-1/2

[Event "Omladinci CS 2017"]
[Site "Kraljevo"]
[Date "2017.02.12"]
[Round "7.2"]
[White "Radovic, Janko"]
[Black "Marjanovic, Ivan D"]
[Result "1-0"]
[BlackElo "2002"]
[WhiteElo "2294"]
[LiveChessVersion "1.4.7"]

1. e4 {[%clk 1:15:59]} c6 {[%clk 1:15:54]} 2. d4 {[%clk 1:16:26]} d5
{[%clk 1:16:19]} 3. e5 {[%clk 1:16:55]} Bf5 {[%clk 1:16:36]} 4. h4
{[%clk 1:17:21]} h5 {[%clk 1:16:03]} 5. Bg5 {[%clk 1:17:39]} Qb6 {[%clk 1:14:09]}
6. Bd3 {[%clk 1:16:22]} Bxd3 {[%clk 1:08:16]} 7. Qxd3 {[%clk 1:16:49]} e6
{[%clk 1:06:42]} 8. Nd2 {[%clk 1:16:49]} Ne7 {[%clk 1:06:42]} 9. Ne2
{[%clk 1:16:49]} Nf5 {[%clk 1:06:42]} 10. O-O {[%clk 1:16:49]} Nd7
{[%clk 1:06:42]} 11. c4 {[%clk 1:16:49]} dxc4 {[%clk 1:06:42]} 12. Nxc4
{[%clk 1:16:49]} Qa6 {[%clk 1:06:42]} 13. Nc3 {[%clk 1:16:49]} Nb6
{[%clk 1:06:42]} 14. b3 {[%clk 1:16:49]} Be7 {[%clk 1:06:42]} 15. Ne4
{[%clk 0:50:16]} Nxc4 {[%clk 0:26:52]} 16. bxc4 {[%clk 0:46:34]} Rd8
{[%clk 0:22:48]} 17. Bxe7 {[%clk 0:44:40]} Rxd4 {[%clk 0:22:11]} 18. Nd6+ 1-0

[Event "Omladinci CS 2017"]
[Site "Kraljevo"]
[Date "2017.02.12"]
[Round "7.4"]
[White "Gajic, Aleksandar"]
[Black "Djokic, Mihailo"]
[Result "1/2-1/2"]
[BlackElo "1872"]
[WhiteElo "1836"]
[LiveChessVersion "1.4.7"]

1. c4 {[%clk 1:15:46]} Nf6 {[%clk 1:16:20]} 2. Nc3 {[%clk 1:15:57]} g6
{[%clk 1:16:12]} 3. Nf3 {[%clk 1:16:09]} Bg7 {[%clk 1:16:34]} 4. g3
{[%clk 1:15:50]} O-O {[%clk 1:16:54]} 5. Bg2 {[%clk 1:15:13]} d6 {[%clk 1:17:18]}
6. d4 {[%clk 1:15:18]} Nc6 {[%clk 1:17:36]} 7. O-O {[%clk 1:15:16]} a6
{[%clk 1:17:39]} 8. b3 {[%clk 1:13:13]} e5 {[%clk 1:16:42]} 9. e3
{[%clk 1:11:32]} Re8 {[%clk 1:12:53]} 10. Bb2 {[%clk 1:09:46]} Bg4
{[%clk 1:12:55]} 11. h3 {[%clk 1:07:45]} Bd7 {[%clk 1:13:14]} 12. Re1
{[%clk 0:59:38]} Qc8 {[%clk 1:10:20]} 13. Kh2 {[%clk 0:59:11]} Rb8
{[%clk 1:09:03]} 14. Rc1 {[%clk 0:53:53]} exd4 {[%clk 1:08:21]} 15. exd4
{[%clk 0:51:22]} Rxe1 {[%clk 1:08:49]} 16. Qxe1 {[%clk 0:42:35]} Qe8
{[%clk 1:09:09]} 17. Qd2 {[%clk 0:39:45]} Qf8 {[%clk 1:09:08]} 18. Re1
{[%clk 0:39:19]} Re8 {[%clk 1:09:29]} 19. Rxe8 {[%clk 0:36:49]} Qxe8
{[%clk 1:09:52]} 20. Qe3 {[%clk 0:31:22]} Qxe3 {[%clk 1:09:36]} 21. fxe3
{[%clk 0:31:51]} Ne7 {[%clk 1:05:16]} 1/2-1/2